Statistics for Countries that end with the letter "R"

Click here to take the quiz!

General Stats

  • This quiz has been taken 87 times
    (84 since last reset)
  • The average score is 6 of 7

Answer Stats

HintAnswer% Correct
AsiaQatar
92%
AmericasEcuador
89%
AmericasEl Salvador
88%
AsiaMyanmar
86%
AfricaNiger
86%
AfricaMadagascar
81%
AsiaEast Timor
78%

Score Distribution

Percentile by Number Answered

Percent of People with Each Score

Your Score History

You have not taken this quiz since the last reset